Authors in Three Decades Quiz Stats

 Plays Quiz Updated Jun 6, 2016

Challenge
Share
Tweet
Embed
Score 0/27 Timer 07:00
3 Plays Today
% Correct
Tortilla Flat...
86.5%
James and the Giant Peach...
85%
Harry Potter and the Sorcerer's Stone...
84.8%
Misery...
82.9%
Harry Potter and the Goblet of Fire...
82.5%
The BFG...
81%
Carrie...
80.5%
David Copperfield...
80.2%
The Firm...
73.9%
The Old Man and the Sea...
72.1%
Murder on the Orient Express...
69.9%
Great Expectations...
63.5%
A Christmas Carol....
62.9%
The Notebook...
57.9%
% Correct
A Farewell to Arms...
56.5%
For Whom the Bell Tolls
45.6%
East of Eden...
41.5%
Fantastic Mr Fox...
37.2%
The Green Mile...
36.3%
Cannery Row...
34.9%
The Casual Vacancy
34.4%
A Time to Kill
32%
The Rescue...
26.1%
The Brethren...
15.8%
The Mysterious Affair at Styles...
15.3%
The Body in the Library...
11%
Safe Haven...
9.3%

You're not logged in!

Compare scores with friends on all Sporcle quizzes.
OR
Log In

You Might Also Like...

Show Comments

Extras

Top Quizzes Today


Score Distribution

Your Account Isn't Verified!

In order to create a playlist on Sporcle, you need to verify the email address you used during registration. Go to your Sporcle Settings to finish the process.

Report this User

Report this user for behavior that violates our Community Guidelines.

Details: